| 000 | 00503nam a22001817a 4500 | ||
|---|---|---|---|
| 999 |
_c26336 _d26336 |
||
| 003 | BDDh-ASL | ||
| 005 | 20231015030630.0 | ||
| 008 | 211008n ii ||||| |||| 00| 0 u d | ||
| 040 |
_aBDDh-ASL _cBDDh-ASL |
||
| 082 |
_a297.122 _bAHT |
||
| 100 | 1 |
_94814 _aAhmad, Abul Kalam |
|
| 245 | 1 | 0 | _aTarjamanul Quran : / ترجمان القرآن |
| 246 | _aTarjamanul Quran | ||
| 260 |
_aDelhi : _bTarjuman-I Quran Office , |
||
| 300 |
_a455 p. : _c26 cm. |
||
| 650 | 0 |
_91652 _aIslam |
|
| 942 |
_2ddc _cBK |
||